Háborús halottszemle
Elmentve itt :
| Szerző: | |
|---|---|
| Adatforrás: | Meister |
| Forrásdokumentuma: | A Hét. - 48 sz., 1999, 10 p. |
| Nyelv: | magyar |
| Kulcsszavak: | riport (közéleti) jugoszláv válság Koszovo |
| LEADER | 00373nab a2200145 i 4500 | ||
|---|---|---|---|
| 001 | bibPRO00008070 | ||
| 008 | 060524s1999 xx hun | ||
| 040 | |a Sz1 | ||
| 041 | |a hun | ||
| 100 | 1 | |a FAVEREAU Eric | |
| 245 | 1 | 0 | |a Háborús halottszemle |c FAVEREAU Eric |
| 695 | |a riport (közéleti) | ||
| 695 | |a jugoszláv válság | ||
| 695 | |a Koszovo | ||
| 773 | 0 | |t A Hét. - |g 48 sz., 1999, 10 p. | |